COPYRIGHT LAW DESKBOOK (Record no. 9898)

MARC details
000 -LEADER
fixed length control field 00315nam a22001457a 4500
003 - CONTROL NUMBER IDENTIFIER
control field SGT
082 ## - DEWEY DECIMAL CLASSIFICATION NUMBER
Classification number 346.4820954, PRA
100 ## - MAIN ENTRY--PERSONAL NAME
Personal name PRASAD,AKHIL
245 ## - TITLE STATEMENT
Title COPYRIGHT LAW DESKBOOK
250 ## - EDITION STATEMENT
Edition statement 1ST
260 ## - PUBLICATION, DISTRIBUTION, ETC. (IMPRINT)
Place of publication, distribution, etc NEW DELHI
Name of publisher, distributor, etc UNIVERSAL BOOK
Year of Publication 2009
300 ## - PAGE DESCRIPTION
No. of Pages 401
650 ## - SUBJECT ADDED ENTRY--TOPICAL TERM
Topical term or geographic name as entry element COPYRIGHT LAW
942 ## - ADDED ENTRY ELEMENTS (KOHA)
Source of classification or shelving scheme Dewey Decimal Classification
Koha item type Books
942 ## - ADDED ENTRY ELEMENTS (KOHA)
-- 4
Holdings
Withdrawn status Lost status Source of classification or shelving scheme Damaged status Not for loan Collection code Home library Current library Shelving location Date acquired Vendor Name Cost, normal purchase price SGTU Bill Number Full call number Accession No. (Barcode) Date last seen Bill Date Koha item type Total Checkouts Date last borrowed
    Dewey Decimal Classification   Not For Loan LAW SGT Science & Social Sciences Library SGT Science & Social Sciences Library Reference Book 10/09/2016 JUPITER LAW HOUSE 395.00 SGTU 856 346.4820954, PRA FL479 10/09/2016 31/10/2014 Books    
    Dewey Decimal Classification     LAW SGT Science & Social Sciences Library SGT Science & Social Sciences Library Text Book 10/09/2016 JUPITER LAW HOUSE 395.00 SGTU 856 346.4820954, PRA FL480 18/11/2025 31/10/2014 Books 5 12/11/2025